The stem and leaf anatomy of strobilanthes crispus (acanthaceae) and the biological activities of the upright variety /
محفوظ في:
| المؤلف الرئيسي: | |
|---|---|
| التنسيق: | أطروحة كتاب |
| اللغة: | English |
| منشور في: |
2007.
|
| الموضوعات: | |
| الوسوم: |
إضافة وسم
لا توجد وسوم, كن أول من يضع وسما على هذه التسجيلة!
|
| LEADER | 00924cam a2200229 a 4500 | ||
|---|---|---|---|
| 001 | u764541 | ||
| 003 | SIRSI | ||
| 005 | 200901231002 | ||
| 008 | 090123s2007 my t 000 0 eng m | ||
| 040 | |a UMM | ||
| 090 | |a QH302 |b UM 2007 Ikaraw | ||
| 100 | 0 | |a Ikarastika Rahayu Abdul Wahab. | |
| 245 | 1 | 4 | |a The stem and leaf anatomy of strobilanthes crispus (acanthaceae) and the biological activities of the upright variety / |c Ikarastika Rahayu binti Abdul Wahab. |
| 260 | |c 2007. | ||
| 300 | |a xviii, 183 leaves : |b ill. (some col.) ; |c 30 cm. | ||
| 502 | |a Dissertation (M.Sc.) -- Institut Sains Biologi, Fakulti Sains, Universiti Malaya, 2008. | ||
| 504 | |a Bibliography: leaves 112-125. | ||
| 650 | 0 | |a Acanthaceae |x Analysis. | |
| 710 | 2 | |a Universiti Malaya. |b Institut Sains Biologi. | |
| 900 | |a NAR-ZA | ||
| 596 | |a 1 | ||
| 999 | |a QH302 UM 2007 IKARAW |w LC |c 1 |i A513444770 |d 7/10/2009 |f 7/10/2009 |g 1 |l STACKS |m P01UTAMA |r Y |s Y |t TESIS |u 2/10/2009 | ||
